00606nam a22002057a 450000500170000001000130001702000260003002000260005603500170008203500130009903500130011203700170012508200080014210000180015024500970016825000140026526000460027927000540032530000210037920170804155359.0 aBAC-CH25 a9781107685888c375.00 a9781107669208c375.00 aB-558826-859 aB-664615 aG-003165 bUBH/Venadpl a483 aJones, Daniel aCambridge english pronouncing dictionary/cby Daniel Jones; edited by Peter Roach and others a18th edn. aNewYorkbCambridge University Pressc2013 a4381/4, Ansari Road, DaryaganjbNew Delhie 10002 a580p.c22cm(pbk)